000 00453cam a2200181 4500
001 D1808
008 090401t1983 xxu||||| |||| 00| 0 eng d
035 _a(Sirsi) u65939
041 _aeng
050 _a526.9028
100 _aBuckner, R.B.
245 _aSurveying measurements and their analysis
260 _aRancho Cordova Ca
_bLandmark Enterprises
_c1983
300 _axii. 275p. ill. 24cm
350 _a30
942 _n0
948 _c04/03/1997
999 _c94801
_d94801